Statistics for Super Bowl LI Quiz

Click here to take the quiz!

General Stats

  • This quiz has been taken 176 times
  • The average score is 7 of 10

Answer Stats

HintAnswer% Correct
Who won Super Bowl LI?New England Patriots
100%
Who lost Super Bowl LI?Atlanta Falcons
99%
Who won the Super Bowl MVP?Tom Brady
96%
How many total sacks were there?10
83%
Who scored the game-winning TD?James White
79%
What was the biggest lead of the game?25 points
77%
Who scored the first TD of the game?Devonta Freeman
64%
What happened in Super Bowl LI that never happened in Super Bowl history?Overtime
63%
Who had an 82-yard pick six?Robert Alford
41%
How many passing yards did ^ throw for?466
28%

Score Distribution

Percentile by Number Answered

Percent of People with Each Score

Your Score History

You have not taken this quiz